=LDR 00000nam 2200000 4500 =001 INLIS000000000001396 =005 20130612085813 =008 ***********************************Ind** =035 ##$$0010-061300000001396 =041 ##$$a Ind =082 ##$$a 028.55 =090 ##$$a 028.55, Han-t =100 ##$$a HANAFI, Tevi =245 ##$$a Tanggung jawab, Tevi Hanafi =260 ##$$a 2000 $b Yogyakarta =300 ##$$a 24 hlm, ilus, 19 cm =650 ##$$a Bacaan Kanak-kanak =850 ##$$a NBPNMAT